Automation in Production Planning and Manufacturing : 14th International Scientific Conference. Žilina - Turčianske Teplice, 22.-24. April 2013

Na minha lista:
Detalhes bibliográficos
Outros Autores: Cotetiu, Radu (Reviewer), Ungureanu, Nick (Reviewer), Kuric, Ivan (Reviewer), Marcinčin, Jozef (Reviewer), Legutko, Stanislaw (Reviewer), Car, Zlatan (Reviewer), Grozav, Sorin (Reviewer)
Formato: Livro
Idioma:idiomas múltiplos
Publicado em: Žilina : Vedeckotechnická spoločnosť pri Žilinskej univerzite, 2013
Assuntos:
Tags: Adicionar Tag
Sem tags, seja o primeiro a adicionar uma tag!

MARC

LEADER 00000nam a22000003a 4500
001 stu266150
005 20150617230221.9
008 130502s2013----xo------------------mul-d
020 |a 978-80-89276-41-7 
040 |a STU  |b slo 
041 0 |a mul 
044 |a xo 
100 1 |a Cotetiu, Radu  |4 rev 
245 1 |a Automation in Production Planning and Manufacturing :  |b 14th International Scientific Conference. Žilina - Turčianske Teplice, 22.-24. April 2013 
260 |a Žilina :  |b Vedeckotechnická spoločnosť pri Žilinskej univerzite,  |c 2013 
300 |a 212 s 
650 7 |a automatizácia technologických procesov  |2 stusub 
650 7 |a počítačová podpora výroby  |2 stusub 
700 1 |a Ungureanu, Nick  |4 rev 
700 1 |a Kuric, Ivan  |4 rev 
700 1 |a Marcinčin, Jozef  |4 rev 
700 1 |a Legutko, Stanislaw  |4 rev 
700 1 |a Car, Zlatan  |4 rev 
700 1 |a Grozav, Sorin  |4 rev 
996 |b 284M085100  |c M*Z-4081  |l MMKN  |s A  |a 24  |w stu266150_0001 
996 |b 284M085101  |c M*Z-4082  |l MMKN  |s A  |a 24  |w stu266150_0002 
996 |b 284M085102  |c M*Z-4083  |l MMKN  |s A  |a 24  |w stu266150_0003